Autobahnausfahrten A2 (Österreich) - Statistiken

Allgemein
  • Dieses Quiz wurde 80 mal gespielt
  • Das Durchschnittsergebnis liegt bei 20 aus 55
Antwortstatistiken
Bundesland Antwort % Korrekt
Niederösterreich Mödling/SCS
81%
Niederösterreich Baden
76%
Steiermark Hartberg
62%
Kärnten Klagenfurt-Ost
54%
Kärnten Wolfsberg Nord
52%
Steiermark Laßnitzhöhe
51%
Kärnten Wolfsberg Süd
51%
Kärnten Arnoldstein
49%
Niederösterreich Wiener Neustadt-West
49%
Niederösterreich Bad Vöslau
48%
Steiermark Gleisdorf-West
46%
Niederösterreich Kottingbrunn
46%
Steiermark Oberwart
43%
Kärnten Packsattel
43%
Steiermark Pinggau/Friedberg
43%
Niederösterreich Wiener Neudorf
41%
Kärnten Griffen
40%
Burgenland Pinkafeld
40%
Kärnten St.Andrä
40%
Niederösterreich Traiskirchen
40%
Steiermark Gleisdorf-Süd
38%
Niederösterreich Grimmenstein
38%
Steiermark Ilz-Fürstenfeld
38%
Steiermark Modriach
38%
Steiermark Sebersdorf/Bad Waltersdorf
37%
Kärnten Völkermarkt Ost
37%
Kärnten Völkermarkt West
37%
Kärnten Klagenfurt-Flughafen
35%
Niederösterreich Leobersdorf
35%
Kärnten Villach-Warmbad
35%
Niederösterreich Wöllersdorf
33%
Steiermark Graz-Flughafen
32%
Wien Inzersdorf
32%
Steiermark Lieboch
32%
Steiermark Sinabelkirchen
32%
Niederösterreich Edlitz
30%
Kärnten Grafenstein
30%
Steiermark Schäffern
30%
Kärnten Bad St.Leonhard
29%
Niederösterreich IZ-NÖ Süd
27%
Kärnten Velden-Ost
27%
Kärnten Velden-West
27%
Kärnten Wernberg
25%
Steiermark Aspang-Markt
24%
Kärnten Krumpendorf-West
24%
Kärnten Villach-Faaker See
24%
Kärnten Krumpendorf-Ost
22%
Kärnten Pörtschach-Ost
22%
Kärnten Pörtschach-West
22%
Niederösterreich Krumbach
21%
Steiermark Unterpremstätten
19%
Kärnten Gailtal
17%
Steiermark Steinberg
17%
Wien Triester Straße
11%
Steiermark Mooskirchen
10%
Keine übereinstimmenden Quizze gefunden
Verteilung der Resultate
Anzahl Personen mit jedem Resultat
Perzentil nach korrekt beantworteten Fragen
Ihre Resultats-Entwicklung
Sie haben dieses Quiz noch nicht gespielt